000 00223nam a2200085Ia 4500
008 120527s9999 xx 000 0 und d
100 _aSantrock, W.John
245 _aPsychology: the science of mind and behaviour
942 _cBK
999 _c27417
_d27417